000 011430000a22002290004500
020 _a0-07-015570-4
041 0 _aSPA
082 0 4 _aG 150 D2499i
100 1 _aDavidoff, Linda L.
245 1 0 _aIntroducción a la psicología / Linda L. Davidoff ; Jorge Alejandro Pérez Jaimes, Traductor
250 _a3
260 _aNaucalpan de Juárez, México : McGraw-Hill
300 _a698 Pag.
500 _aTítulo original : Introduction to psychology
505 0 0 _aintroducción a la psicología -- bases fisiológicas de la conducta y la cognición -- procesos del aprendizaje conductual -- sensación, percepción y conciencia -- memoria -- pensamiento y lenguaje -- inteligencia y pruebas -- motivación -- emoción y adaptación -- el principio: de la concepción a la infancia -- de la adolescencia a la adultez -- personalidad: teorías y pruebas -- conducta desadaptada -- tratamiento de la conducta des adaptativa -- conducta social y cuestiones sociales
650 1 4 _aPSICOLOGIA
001 652
942 _cBK
999 _c32138
_d32138
336 _atexto
_btxt
_2rdacontent
337 _2rdamedia
_asin mediación
_bn
338 _2rdacarrier
_avolumen
_bnc